00000000cas 2200000zi 4500
0019.962493
003CaOODSP
00520260506123948
006m     o  d f      
007cr cn ||||||||
008260501d20132015oncfr p o    f0### 0eng|d
040 |aCaOODSP|beng|erda|cCaOODSP
043 |an-cn---
0861 |aIu2-2E-PDF
24500|aIC insights.
2463 |aIndustry Canada insights
264 1|a[Ottawa] : |bIndustry Canada = Industrie Canada, |c[2013-2015]
310 |aSemiannual
336 |atext|btxt|2rdacontent
337 |acomputer|bc|2rdamedia
338 |aonline resource|bcr|2rdacarrier
3621 |aBegan with: Issue 1 (summer 2013); ceased with: Volume 2 (2015).
500 |aDigitized publication from print [produced by Innovation, Science and Economic Development Canada].
588 |aDescription based on: Issue 1 (summer 2013); title from PDF caption.
588 |aLatest issue consulted: Volume 2 (2015).
650 0|aIndustries|zCanada|vPeriodicals.
655 7|aPeriodicals|2lcgft
7101 |aCanada. |bIndustry Canada, |eissuing body.
78500|tInsights.|w(CaOODSP)9.962504